000 00841nam a2200217 i 4500
001 146735
003 ES-MaACL
005 20250811065428.0
007 t|
008 151104s1889 sp ||||1| spa d
245 0 0 _aLey hipotecaria para las Islas Filipinas /
_cMinisterio de Ultramar.
250 _aEd. oficial.
260 _a[S.l.] :
_b[s.n.],
_c1889 (
_eMadrid :
_fManuel Minuesa de los Ríos, impresor)
300 _a124 p. ;
_c22 cm.
530 _aDisponible en formato digital.
650 4 _aHipotecas-
_zFilipinas-
_vLegislación.
_9158081
710 1 _aEspaña.
_tLey hipotecaria de las islas Filipinas, 1889
_9158082
852 _aES-MaACL
_jT-1268-F-1
_z.- Enc. en un vol. facticio
_z.- Donat. Boch
856 _uhttp://bdh-rd.bne.es/viewer.vm?id=0000046636&page=1
_zBiblioteca Digital Hispánica
999 _c146735
_d146735